[Event "3rd Kolkata GM Open 2018"]
[Site "Kolkata"]
[Date "2018.05.14"]
[Round "1"]
[White "Aditya Mittal"]
[Black "Karthikeyan, Murali"]
[Result "0-1"]
[WhiteElo "2199"]
[BlackElo "2617"]
[Annotator "TA"]
[PlyCount "114"]
[EventDate "2018.??.??"]
[EventType "swiss"]
[EventCountry "IND"]
[SourceTitle "playchess.com"]
[Source "ChessBase"]
[SourceQuality "1"]

{[%evp 15,114,0,6,0,5,0,11,0,22,1,0,-2,7,10,10,8,13,-2,10,6,11,4,48,48,48,48,48,48,46,43,62,0,8,-6,-14,-27,8,38,44,0,0,0,22,0,31,-23,-28,-33,-22,-22,-10,-53,0,-35,-12,-39,0,0,0,-25,-14,-24,0,0,0,0,0,0,0,0,11,12,6,6,11,11,12,-237,-234,-350,-293,-325,-324,-310,-306,-290,-310,-537,-519,-675,-620,-739,-717,-2097,-2080,-29982,-29981,-29990,-29991,-29991,-29992]} 1. d4 d5 2. c4 e6 3. Nc3 Be7 4. Nf3 Nf6 5. Bf4 O-O 6. e3 Nbd7 7. c5 {D37: Queen's Gambit Declined: 5 Bf4} (7. a3 c5 8. cxd5 Nxd5 9. Nxd5 exd5 10. dxc5 Nxc5 11. Be5 Bf5 12. Be2 Bf6 13. O-O Be4 14. Rc1 Ne6 {0-1 (38) Mamedyarov,S (2799)-Carlsen,M (2837) Riadh 2017}) 7... Ne4 8. Bd3 f5 {LiveBook: 8 Games} 9. Ne2 {The position is equal.} c6 10. b4 $146 ({Predecessor:} 10. O-O g5 11. Bg3 Nxg3 12. Nxg3 a5 13. Qa4 b5 14. cxb6 Bb7 {½-½ (37) Bareev,E (2675)-Le,Q (2723) Baku 2016}) 10... b6 11. O-O a5 12. a3 g5 13. Bg3 Nxg3 14. Nxg3 g4 {[#] ...axb4 is the strong threat.} 15. Nd2 Bg5 16. Qc2 bxc5 17. bxc5 Nf6 18. Rab1 f4 19. exf4 Bxf4 20. Ne2 Bc7 21. f4 Qe7 22. g3 h5 {[%cal Bh7h5,Bh5h4][%mdl 32]} 23. Nc3 (23. Rf2 $14) 23... h4 $11 24. Rf2 (24. gxh4 Nh5 $17) 24... Nh5 25. Nf1 Qf6 (25... Bxf4 $5 26. gxf4 Nxf4 $11) 26. Ne2 e5 27. dxe5 Bxe5 28. Qd2 Ra7 29. Ne3 {And now Rb6 would win.} Raf7 30. Rg2 ({Inferior is} 30. Qxa5 hxg3 31. hxg3 Nxg3 $17) (30. Rb6 $1 $14 Qe6 31. Bb5) 30... Bc7 31. Nc2 Re7 32. Ncd4 Rfe8 33. Qc2 Ng7 ({Black should try} 33... Kf7 $15) 34. Bh7+ Kh8 35. Qg6 Rf8 (35... Qf8 $5 {[%cal Rg7e6]} 36. Qc2 Ne6 $11) 36. Qxf6 ({Much weaker is} 36. Nxc6 Re6 $17) 36... Rxf6 37. Bd3 Re3 38. Rd1 h3 39. Rf2 {[%cal Bg2f2,Bf2f1,Bf1d1][%mdl 32]} Bb8 40. Rff1 Ba7 41. Kf2 Re8 $36 {[%mdl 2048] Black has the initiative.} (41... Re7 $5 42. Rc1 $8 Ne8 $11) 42. Rc1 Ne6 43. Nxe6 Rfxe6 44. Nd4 Re3 45. Rfd1 $1 ({Avoid the trap} 45. Nxc6 $2 Rxd3 46. Ne5 Rd2+ 47. Kg1 Bf5 $19) 45... Bd7 46. Be2 $2 {[#]} (46. Bg6 $11 {and White is okay.}) 46... Rxa3 $19 47. Rd3 (47. Rd2 $142) 47... Ra4 48. f5 Re4 49. Ne6 Bxe6 50. fxe6 Rxe6 51. Rc2 $2 (51. Re3 Rxe3 52. Kxe3) 51... Rae4 {Strongly threatening ...Bxc5+!} 52. Rdd2 a4 53. Ke1 Bb8 54. Rc3 Bc7 55. Rb2 Ba5 {Black mates.} 56. Rb8+ Kg7 57. Rb7+ Kf6 {Precision: White = 45%, Black = 65%.} 0-1

[Event "3rd Kolkata GM Open 2018"]
[Site "Kolkata"]
[Date "2018.05.14"]
[Round "1"]
[White "Bharath Subramaniyam H"]
[Black "Aravindh, Chithambaram VR."]
[Result "0-1"]
[WhiteElo "2190"]
[BlackElo "2597"]
[Annotator "TA"]
[PlyCount "128"]
[EventDate "2018.??.??"]
[EventType "swiss"]
[EventCountry "IND"]
[SourceTitle "playchess.com"]
[Source "ChessBase"]
[SourceQuality "1"]

{[%evp 17,127,-3,-1,-8,3,-63,-71,-69,-64,-125,-125,-120,-120,-121,-129,-129,-125,-125,-131,-118,-129,-126,-43,-113,-59,-62,-62,-57,-73,-92,-83,-77,-74,-91,-83,-175,-165,-166,-171,-157,-181,-210,-166,-164,-160,-177,-81,-97,-90,-83,-84,-209,-198,-201,-201,-212,-205,-208,-289,-291,-285,-280,-282,-277,-264,-275,-266,-286,-276,-397,-385,-365,-337,-450,-449,-447,-384,-429,-427,-1052,-950,-987,-902,-1155,-966,-993,-885,-560,-238,-275,-301,-29973,-29970,-29987,-29988,-29988,-29989,-29990,-29991,-29992,-29993,-29994,-29995,-29995,-29996,-29996,-29997,-29997,-29998,-29998,-29999,-29999]} 1. e4 c5 2. Nc3 Nc6 3. f4 g6 4. Nf3 Bg7 5. Bb5 Nd4 6. O-O a6 7. Bd3 e6 {B23: Closed Sicilian: Lines without g3} (7... Nc6 8. e5 d6 9. Qe2 dxe5 10. fxe5 Nh6 11. Kh1 Bg4 12. Be4 Rc8 13. d3 Nf5 14. e6 f6 15. Qf2 {1-0 (37) Petrosian,T (2648)-Jaracz,P (2548) Warsaw 2012}) 8. Nxd4 Bxd4+ 9. Kh1 d6 {LiveBook: 5 Games. The position is equal.} 10. Qf3 Ne7 {[%cal Bg8e7,Be7f5,Bf5h6][%mdl 32]} 11. f5 (11. Rb1 $11) 11... exf5 $1 $15 12. exf5 Nxf5 13. g4 $146 (13. Bxf5 $15 Bxf5 14. Nd5) ({Predecessor:} 13. Bxf5 Bxf5 14. Qxb7 O-O {½-½ (23) Watson,J (2101)-Mahmud,S (2373) Parramatta 2009}) 13... Nh6 $17 14. Bc4 {Strongly threatening d3.} O-O 15. h3 Qh4 {[%cal Rc8g4] Hoping for ...Bxg4.} 16. Kg2 Be5 17. Qf2 Qxf2+ $1 18. Rxf2 Kg7 19. d3 Be6 (19... f5 $17 20. Bd2 Bd7) 20. Bd2 (20. Bxe6 $15 fxe6 21. Be3) 20... b5 ({Black should try} 20... Bd7 $17 21. Bd5 f5) 21. Bxe6 $1 $15 fxe6 22. Re2 Nf7 23. Rae1 Bxc3 24. bxc3 e5 $36 {[%mdl 2048] Keeping White busy.} 25. Be3 Rac8 26. d4 (26. Rf1 $17) 26... cxd4 $19 27. cxd4 Rc4 28. dxe5 dxe5 29. Rd2 Rd8 30. Rf2 Rdc8 31. Ree2 Nd6 (31... Ra4 $19 32. Rd2 Rc7) 32. Rd2 $17 R4c6 33. Rd5 Re8 34. Bc5 (34. Bd2 $17 {keeps fighting.}) 34... Ne4 $1 $19 {[%csl LRc5,LRf2]} 35. Rd7+ Kh8 $1 (35... Kg8 36. Rff7 $17) 36. Rff7 Ng5 ({Inferior is} 36... Rxc5 37. Rxh7+ Kg8 38. Rhg7+ Kh8 39. Rh7+ Kg8 40. Rhg7+ Kh8 41. Rh7+ $11) 37. Rf8+ (37. Rfe7 $142 Rxe7 38. Bxe7 Rxc2+ 39. Kg3 Ne4+ 40. Kf3 Nd2+ 41. Ke3 Nc4+ 42. Ke4) 37... Rxf8 38. Bxf8 {[%mdl 4096] Endgame KRB-KRN} Kg8 ({Resist} 38... Rxc2+ 39. Kg3 $19) 39. Bh6 Rxc2+ 40. Kg3 Rc3+ 41. Kg2 {[#]} Nf7 $1 {[%cal Rf7h6]} ({Not} 41... Nxh3 42. Rg7+ Kh8 43. Ra7 $17) 42. g5 Ra3 43. Re7 (43. Ra7 $142 Rxa2+ 44. Kf3 Ra3+ 45. Kg2) 43... Rxa2+ 44. Kg3 {[%cal Re7e8]} Ra3+ 45. Kg2 {[%cal Re7e8]} Nxh6 46. gxh6 {KR-KR} b4 47. Rg7+ {[#]} Kf8 $1 48. Rxh7 (48. Rb7 $142 a5 49. Rxh7) 48... Kg8 49. Rg7+ Kh8 50. Rxg6 a5 51. Rb6 Kh7 52. h4 b3 (52... e4 $142 53. Rb5 Kxh6) 53. Kf3 b2+ 54. Ke2 $2 (54. Kg2 $19 Ra2 55. Kf3) 54... Rh3 {Black mates.} 55. Kf1 {[#]} b1=R+ $1 {[%mdl 512]} 56. Rxb1 Rh1+ 57. Kg2 Rxb1 {KR-KPP} 58. Kh2 Rb3 59. Kg2 a4 60. Kf2 a3 61. Kg2 a2 62. Kh2 a1=R 63. Kg2 Ra2+ 64. Kf1 Rb1# {Precision: White = 37%, Black = 71%.} 0-1

[Event "3rd Kolkata GM Open 2018"]
[Site "Kolkata"]
[Date "2018.05.14"]
[Round "1"]
[White "Rahman, Syed Mahfuzur"]
[Black "Sandipan, Chanda"]
[Result "0-1"]
[WhiteElo "2188"]
[BlackElo "2573"]
[Annotator "TA"]
[PlyCount "50"]
[EventDate "2018.??.??"]
[EventType "swiss"]
[EventCountry "IND"]
[SourceTitle "playchess.com"]
[Source "ChessBase"]
[SourceQuality "1"]

{[%evp 9,50,-12,-7,-33,6,-12,-2,-34,0,-7,28,35,70,-12,-19,-43,0,0,-5,0,0,-13,-14,-178,-181,-268,0,0,0,0,0,0,0,0,0,-42,-30,-31,-39,-24,-33,-1752,-1725]} 1. d4 f5 2. e4 fxe4 3. Nc3 Nf6 4. Bg5 g6 5. d5 Bg7 6. Qd2 $146 {A83: Dutch Defence: Staunton Gambit with 3 Nc3 Nf6 4 Bg5} ({Predecessor:} 6. Bc4 c6 7. Qd2 cxd5 8. Bxd5 Qa5 9. Bb3 Nc6 10. O-O-O d6 11. Bxf6 Bxf6 12. Nxe4 Qxd2+ 13. Rxd2 {0-1 (37) Shen,V (2394)-Kamsky,G (2673) Chicago 2015}) 6... O-O 7. O-O-O d6 8. Re1 {The position is equal.} c6 9. Bxf6 exf6 10. Nxe4 c5 11. Nf3 ({Better is} 11. h4 $14) 11... h6 $1 $11 12. c4 b5 13. cxb5 f5 14. Nc3 a6 15. bxa6 Nxa6 16. h4 $2 (16. Bc4 $11 {and White has nothing to worry.}) 16... Nb4 $19 17. a3 {[#]} (17. Bc4 {was called for.} Qa5 18. Re6 Bxc3 19. Rxg6+ Bg7 20. Qxh6) 17... Bxc3 $2 (17... Rxa3 $1 $19 18. bxa3 Bxc3 19. Qxh6 Na2+ 20. Kd1 Qb6 21. Qxg6+ Bg7) 18. bxc3 $11 Rxa3 19. cxb4 {Kb2 is the strong threat.} Ra1+ $1 20. Kb2 Qf6+ 21. Kb3 {And now Bb5 would win.} Bd7 $1 {( -> ...c4+!)} 22. Rxa1 (22. Qxh6 {[#] gets mated.} c4+ $1 {[%mdl 512]} 23. Kc2 Ra2+ 24. Kd1 Ba4+ 25. Kc1 Qb2#) 22... Qxa1 23. Bb5 $1 Qxh1 24. Bxd7 Qb1+ 25. Qb2 $2 {[%mdl 8192] [#]} (25. Kc3 $15) 25... c4+ $1 {[%mdl 512] Precision: White = 28%, Black = 57%.} 0-1

[Event "3rd Kolkata GM Open 2018"]
[Site "Kolkata"]
[Date "2018.05.14"]
[Round "1"]
[White "Godbole, Atharva"]
[Black "Tukhaev, Adam"]
[Result "0-1"]
[WhiteElo "2181"]
[BlackElo "2551"]
[Annotator "TA"]
[PlyCount "74"]
[EventDate "2018.??.??"]
[EventType "swiss"]
[EventCountry "IND"]
[SourceTitle "playchess.com"]
[Source "ChessBase"]
[SourceQuality "1"]

{[%evp 17,74,0,7,0,5,-13,-48,-53,-52,-53,28,-18,18,-44,-17,-19,-18,-19,-10,-88,-73,-71,-38,-105,-111,-134,-140,-137,-17,-25,-36,-34,-35,-74,-47,-49,-47,-49,0,0,27,-221,-217,-206,-219,-218,-211,-403,-419,-473,-476,-695,-684,-976,-886,-971,-917,-1134,-1110]} 1. e4 c5 2. Nf3 e6 3. d4 cxd4 4. Nxd4 Nc6 5. Nc3 a6 6. Nxc6 bxc6 7. Bd3 d5 8. O-O Nf6 9. e5 Nd7 {LiveBook: 27 Games. B46: Sicilian: Taimanov: 5 Nc3 a6} 10. Bf4 (10. Re1 Be7 11. Qg4 Kf8 12. Qh5 c5 13. b3 Bb7 14. Bd2 Qc7 15. Rad1 d4 16. Na4 g6 17. Bh6+ Kg8 18. Qe2 Bf8 19. Bxf8 Kxf8 {1-0 (32) Duda,J (2658)-Andreikin,D (2720) Berlin 2015}) 10... Be7 11. Qg4 $146 ({Predecessor:} 11. Na4 O-O 12. c4 a5 13. Rc1 Ba6 14. Re1 g6 15. cxd5 cxd5 16. Bxa6 Rxa6 {1-0 (28) Paehtz,T (2438)-Bergen,K (1938) Triesen 2012}) 11... g5 {Threatens to win with ...h5.The position is equal.} 12. Bd2 Nxe5 13. Qh5 Nd7 (13... Ng6 $15) 14. Qh6 Ne5 (14... Bf8 $5 {[%cal Rf8h6]} 15. Qxg5 Qxg5 16. Bxg5 Bd6 $11) 15. Qh5 ({White should try} 15. Rae1 $11 Nxd3 16. cxd3) 15... Nxd3 16. cxd3 O-O 17. f4 Qb6+ 18. Rf2 (18. Kh1 $1 $11 {keeps the balance.}) 18... Qd4 $17 19. Re1 Qxd3 20. f5 (20. Na4 $1 $15) 20... f6 {aiming for ...Bc5.} 21. Re3 Qd4 {And now ...e5 would win.} 22. fxe6 Qh4 (22... Bc5 $17 23. Qe2 Ra7) 23. Qxh4 gxh4 24. Na4 $1 Rb8 25. Rfe2 c5 $36 {[%mdl 2048] Black has the initiative.} 26. Rh3 f5 {[%cal Bf6f5,Bf5e4,Be4e3][%mdl 32]} 27. Bh6 Rd8 {...Rb4 is the strong threat.} 28. Rf3 $1 {[%cal Rf3f5]} Rb4 29. b3 $2 (29. Rxf5 $11 {and White stays safe.} Rxa4 30. Rf7) 29... Re4 $19 30. Rxe4 fxe4 ({Less strong is} 30... dxe4 31. Rxf5 Bxe6 32. Re5 $11) 31. Rf7 {[#]} Re8 $1 32. Rf5 $2 (32. Rg7+ Kh8 33. Rxe7 Rxe7 34. Nxc5) 32... Bxe6 33. Rf1 d4 {Black is clearly winning.} 34. Re1 (34. Rc1 $142 Rc8 35. Nb2) 34... e3 35. Nb2 {[#]} c4 $1 36. bxc4 (36. Nxc4 Bb4) 36... Bb4 37. Rc1 Bf5 {Precision: White = 31%, Black = 54%.} 0-1

[Event "3rd Kolkata GM Open 2018"]
[Site "Kolkata"]
[Date "2018.05.14"]
[Round "1"]
[White "Senthil Maran K"]
[Black "Vishnu Prasanna. V"]
[Result "1-0"]
[WhiteElo "2180"]
[BlackElo "2532"]
[Annotator "TA"]
[PlyCount "117"]
[EventDate "2018.??.??"]
[EventType "swiss"]
[EventCountry "IND"]
[SourceTitle "playchess.com"]
[Source "ChessBase"]
[SourceQuality "1"]

{[%evp 16,117,0,-1,3,-2,0,0,0,0,0,-2,0,-3,0,0,2,-66,0,1,14,6,44,39,46,46,32,40,68,26,86,-53,-54,-146,-99,-82,-87,-100,-89,-63,-70,-173,237,226,181,180,368,260,260,259,249,172,248,235,260,259,259,247,241,149,149,149,264,149,264,149,391,393,392,377,374,311,534,536,532,533,551,532,495,478,672,374,373,373,877,841,877,841,840,837,766,715,1417,1346,1966,1966,3467,1144,2683,2272,29972,5081,29986,29987]} 1. d4 Nf6 2. c4 e6 3. g3 Bb4+ 4. Nd2 d5 5. Bg2 O-O 6. Ngf3 b6 7. O-O Bb7 8. cxd5 exd5 9. Ne5 Nc6 {E16: Queen's Indian: 4 g3 Bb7 5 Bg2 Bb4+} (9... Bd6 10. Ndc4 Be7 11. Ne3 Re8 12. Nf5 Bf8 13. Bg5 h6 14. Bxf6 Qxf6 15. Ne3 Qe6 16. Rc1 Na6 17. Qa4 c5 {1-0 (74) Akobian,V (2645)-Hansen,E (2616) chess.com INT 2017}) 10. Qa4 $146 ({Predecessor:} 10. Ndc4 Nxe5 11. Nxe5 Re8 12. Bf4 h6 13. Rc1 Bd6 14. Nd3 Rc8 15. Bh3 Rb8 16. b4 Ne4 17. Qc2 Ba6 18. Bxd6 cxd6 19. a4 {½-½ (19) Veinberg,N (2353)-Baron,T (2502) Jerusalem 2015}) 10... a5 11. Nxc6 Qe8 {The position is equal.} 12. Nf3 Bxc6 13. Qc2 Bd6 14. Bf4 Bxf4 15. gxf4 Bb5 16. Ne5 (16. Rfe1 $11) 16... Qe6 (16... Nh5 $1 $15 17. a4 (17. Bxd5 Nxf4 18. Bf3 Rd8 $17) 17... Ba6) 17. Qb3 Bxe2 18. Rfe1 Ba6 {[#]} 19. Ng6 $1 {[%mdl 512]} Qd6 (19... fxg6 20. Rxe6) 20. Nxf8 Rxf8 21. Re5 Bb7 22. Qg3 Ne4 (22... c5 $11 {keeps the balance.}) 23. Qh4 (23. Qa3 $1 $16) 23... Qb4 $1 $15 24. Rh5 (24. Rd1 $15) 24... Nf6 (24... Qxd4 25. Rxh7 Qxf2+ 26. Qxf2 $15) 25. Rg5 Qxd4 ({Inferior is} 25... Qxb2 26. Rxg7+ $1 {[%mdl 512]} Kxg7 27. Qg5+ Kh8 28. Qxf6+ Kg8 29. Re1 $16) 26. Re1 Ne4 27. Bxe4 dxe4 28. Re3 ({Better is} 28. Rg3 $15) 28... f5 $4 {[%mdl 8192] [#]} (28... Qxb2 $19 {White must now prevent ...Qa1+.} 29. Kg2 g6) 29. Rxg7+ $1 $18 {[%mdl 512]} Qxg7+ 30. Rg3 {[#]} Qxg3+ $2 (30... Qg6 $1 31. Qe7 (31. Rxg6+ hxg6 32. Qe7 Rf7 $16) 31... Rf7) 31. hxg3 {[%mdl 4096] Endgame KQ-KRB} ({Less strong is} 31. fxg3 Rf7 $16) 31... Rf7 32. Qg5+ Kf8 {If Black can now play ...Ba6 this consolidates a bit.} 33. Qd8+ Kg7 34. Kh2 Ba6 {[#]} 35. g4 $1 {[%mdl 512]} fxg4 36. Kg3 Bd3 37. Kxg4 Be2+ 38. Kg3 {[%mdl 1024] White has strong compensation.} Bf3 (38... Bh5 $16 39. f5 Rxf5 40. Qxc7+ Bf7 41. Qxb6 Bxa2 42. Qd4+ Kg6 43. Qxe4 Bd5 44. Qe8+ Bf7 45. Qc6+ Kg7 46. Qc3+ Kg6 47. Qc6+ Kg7 48. Qc3+ Kg6) 39. Kh3 (39. Qg5+ $18 Kf8 40. Qd8+ Kg7 41. f5 $1 {[%mdl 512]}) 39... h6 {[#]} (39... Bh5 $16 {might work better.} 40. Qd4+ Kg8 41. Qxe4 Bg6 42. Qe8+ Rf8 43. Qe6+ Rf7 44. Qe8+ Kg7 45. Qe5+ Kg8) 40. Kg3 (40. f5 $1 $18 {[%mdl 512]}) 40... Kh7 $2 {[#]} (40... Bh5 $16 41. f5 Rxf5) 41. f5 $1 {[%mdl 512]} Rxf5 42. Qxc7+ Kg6 43. Qxb6+ Kh5 $2 (43... Kf7 44. Qxh6 Bh5) 44. b4 axb4 45. Qxb4 Kg5 46. Qe7+ Rf6 47. a4 h5 (47... Kf5 $142 48. Qd7+ Re6) 48. a5 h4+ 49. Kh2 Kf5 $2 (49... Be2 50. Qg7+ Kf5) 50. Qd7+ Kf4 51. Qc7+ Kg5 52. Qe5+ Kg6 53. Kh3 Rf5 54. Qe8+ Kg5 55. Qg8+ Kf4 56. a6 e3 57. Qc4+ Be4 58. a7 (58. f3 $142 Re5 59. fxe4 Re7 60. Qc5 e2 61. Qxe7 e1=Q 62. Qxh4+ Qxh4+ 63. Kxh4) 58... Rf8 59. f3 {Precision: White = 58%, Black = 30%.} 1-0

[Event "3rd Kolkata GM Open 2018"]
[Site "Kolkata"]
[Date "2018.05.14"]
[Round "1"]
[White "Deshpande, Aniruddha"]
[Black "Burmakin, Vladimir"]
[Result "0-1"]
[WhiteElo "2170"]
[BlackElo "2528"]
[Annotator "TA"]
[PlyCount "76"]
[EventDate "2018.??.??"]
[EventType "swiss"]
[EventCountry "IND"]
[SourceTitle "playchess.com"]
[Source "ChessBase"]
[SourceQuality "1"]

{[%evp 20,76,0,-8,0,-4,-10,-8,0,1,20,2,6,0,0,0,0,22,0,5,9,0,0,-2,0,0,24,26,30,-8,0,0,0,0,0,0,0,0,-2,-120,-114,-206,-202,-246,-246,-271,-279,-260,-242,-244,-244,-245,-245,-239,-242,-427,-397,-527,-498]} 1. d4 d5 2. c4 c6 3. Nf3 Nf6 4. Qb3 e6 5. Bg5 Nbd7 6. e3 Qa5+ 7. Nc3 Ne4 8. cxd5 {D52: Queen's Gambit Declined: Cambridge Springs Variation} Nxg5 9. Nxg5 exd5 10. Bd3 Be7 11. Nf3 {LiveBook: 4 Games} Nf6 (11... O-O 12. O-O Qd8 13. Qc2 g6 14. a3 a5 15. Rab1 Bd6 16. b4 axb4 17. axb4 {½-½ (44) Caruana,F (2770)-Kamsky,G (2741) Achaea 2012}) 12. O-O O-O 13. Ne5 Qd8 $146 ({Predecessor:} 13... Bd6 14. f4 Qb6 15. Qc2 Be6 {0-1 (59) Wojcik,W (2280)-Shaw,S (2344) ICCF email 2007}) 14. f4 c5 {[#] Threatens to win with ...c4.} 15. Be2 Qb6 $1 16. Bf3 Qxb3 17. axb3 Rd8 18. g4 {With the idea g5.} cxd4 19. exd4 Ne4 20. Rfe1 Bb4 21. Rac1 Ba5 22. Kg2 f5 23. gxf5 ({Much worse is} 23. Bxe4 dxe4 24. Ra1 Bb4 $15) 23... Kf8 24. Re3 Nf6 25. Ng4 Bxf5 26. Nxf6 gxf6 27. Ra1 Bb6 28. Ra4 Bd7 29. Rb4 (29. Ra1 $11) 29... Bc6 $17 30. Re6 (30. Rxb6 $17 axb6 31. b4) 30... Ba5 $19 31. Ra4 {[#]} Bxc3 $1 ({Don't take} 31... Bxa4 32. Nxa4 Kf7 33. Re2) 32. Rxf6+ Ke7 33. Rxc6 bxc6 34. bxc3 {KRR-KRB} a5 35. c4 Kd6 36. cxd5 cxd5 37. Ra1 $2 (37. b4 {was called for.} axb4 38. Rxb4 Rg8+ 39. Kf2) 37... Rdb8 38. Rc1 Rb4 {Precision: White = 48%, Black = 67%.} 0-1

[Event "3rd Kolkata GM Open 2018"]
[Site "Kolkata"]
[Date "2018.05.14"]
[Round "1"]
[White "Samant Aditya S"]
[Black "Shyam, Sundar M."]
[Result "0-1"]
[WhiteElo "2167"]
[BlackElo "2518"]
[Annotator "TA"]
[PlyCount "122"]
[EventDate "2018.??.??"]
[EventType "swiss"]
[EventCountry "IND"]
[SourceTitle "playchess.com"]
[Source "ChessBase"]
[SourceQuality "1"]

{[%evp 16,122,0,-21,13,20,21,-8,-3,-22,-12,-14,-18,-21,-29,-4,-13,-48,-5,-23,-15,-62,-10,-47,-55,-60,-73,-96,-45,-31,-40,-74,-74,-75,-75,-75,-76,-77,-77,-77,-77,-80,-73,-82,-81,-72,-74,-93,-90,-112,-118,-126,-102,-104,-85,-79,-72,-93,-65,-96,-90,-110,-108,-125,-127,-130,-126,-141,-139,-172,-154,-185,-177,-189,-181,-270,-270,-247,-221,-270,-262,-354,-384,-347,-297,-393,-304,-407,-352,-277,-331,-249,-235,-456,-417,-1198,-1154,-1497,-1451,-1445,-1435,-1394,-1104,-29945,-5110,-29979,-29981,-29981,-29982]} 1. e4 c5 2. Nf3 e6 3. d3 Nc6 4. g3 Nge7 5. Bg2 g6 6. O-O Bg7 7. c3 O-O 8. Be3 b6 9. d4 cxd4 {A04: Unusual lines after 1 Nf3 and King's Indian Attack} 10. Nxd4 Bb7 (10... Ba6 11. Re1 Ne5 12. Na3 d5 13. Bg5 dxe4 14. Bxe4 Qd7 15. f4 Nd3 16. Bxd3 Bxd4+ 17. Kf1 {1-0 (55) Kamsky,G (2746)-Bartel,M (2654) Istanbul 2012}) 11. Na3 d5 {The position is equal.} 12. Ndb5 $146 ({Predecessor:} 12. exd5 Nxd5 13. Nxc6 Bxc6 {0-1 (51) Tosic,M (2422)-Miljkovic,M (2427) Subotica 2008}) 12... a6 13. exd5 Nxd5 14. Bxd5 exd5 15. Nd4 Ne5 16. Nac2 Nc4 17. Qc1 Re8 18. Bh6 Bh8 (18... Bxh6 $15 19. Qxh6 Nxb2) 19. Ne3 Qd7 20. h4 Qh3 21. Ng2 Ne5 ({Black should play} 21... Re4 $17 22. Rb1 Rae8) 22. Nf4 $15 Qg4 23. Ng2 Nf3+ 24. Nxf3 Qxf3 25. Qf4 {[#]} d4 $1 {[%csl Gb7][%cal Rf3g2][%mdl 512]} 26. Qxf3 (26. cxd4 Qxg2#) 26... Bxf3 27. cxd4 Bxd4 28. Be3 Bxg2 29. Kxg2 Bxe3 30. fxe3 Rxe3 $17 {[%mdl 4096] Endgame KRR-KRR} 31. Rae1 Rae8 32. Rxe3 Rxe3 {KR-KR} 33. Rf2 h5 34. Rd2 Kg7 35. Kf2 Re6 36. Kf3 Kf6 37. Kf4 Ke7 38. Rc2 Kd7 39. Rd2+ Rd6 40. Rc2 f6 41. Re2 Rd3 42. Rc2 a5 {[%cal Ba6a5,Ba5a4][%mdl 32]} 43. Rg2 a4 44. Ke4 Rd1 45. a3 (45. Rc2 {might work better.}) 45... b5 46. Rf2 Ke6 47. Rc2 f5+ 48. Kf3 Rd3+ 49. Kf4 Rd4+ 50. Ke3 Kd5 51. Rc8 {Black must now prevent Rd8+.} Rg4 52. Kf3 b4 53. Ra8 b3 54. Rd8+ $2 (54. Ra6 {is a better defense.}) 54... Kc4 $19 55. Rc8+ {[#]} (55. Rd1 $142 Rd4 56. Rc1+ Kb5 57. Ke2) 55... Kd3 $1 56. Rc3+ Kd2 57. Rc6 Kd1 58. Kf2 Rd4 59. Rxg6 Kc2 (59... Kc1 $142 60. Ke3 Re4+ 61. Kd3 Kxb2 62. Rb6 Kxa3 63. Rb5 Rb4 64. Rxf5 b2 65. Rf1 b1=Q+ 66. Rxb1 Rxb1 67. Kc4 Kb2 68. Kd4 a3 69. Ke5 a2 70. Kf5 a1=Q 71. g4 Qa5+ 72. Kg6 hxg4 73. Kg7 Kc3 74. Kf7 Rb6 75. Kg8 Qa7 76. Kh8 Rb8#) 60. Ke3 Re4+ 61. Kf3 Kxb2 {Precision: White = 26%, Black = 75%.} 0-1

[Event "3rd Kolkata GM Open 2018"]
[Site "Kolkata"]
[Date "2018.05.14"]
[Round "1"]
[White "Goswami, Vedant"]
[Black "Tran, Tuan Minh"]
[Result "0-1"]
[WhiteElo "2158"]
[BlackElo "2512"]
[Annotator "TA"]
[PlyCount "66"]
[EventDate "2018.??.??"]
[EventType "swiss"]
[EventCountry "IND"]
[SourceTitle "playchess.com"]
[Source "ChessBase"]
[SourceQuality "1"]

{[%evp 18,66,38,36,42,28,38,0,0,0,0,-113,-115,-109,-100,-391,-375,-273,-9,-32,0,0,0,-45,-44,-53,-49,-45,-48,-50,-49,-61,-36,-66,-48,-37,-38,-83,-71,-115,-115,-114,-121,-130,-132,-708,-686,-576,-550,-29988,-616]} 1. e4 c5 2. Nf3 d6 3. Bb5+ Nd7 4. d4 cxd4 5. Qxd4 a6 6. Be2 {B51: Sicilian: Moscow Variation (3 Bb5+) without 3...Bd7} (6. Bxd7+ Bxd7 7. Nc3 e5 8. Qd3 Rc8 9. O-O Qc7 10. a4 Be7 11. Rd1 h6 12. Nd2 Nf6 13. Nf1 O-O 14. Ne3 Be6 15. a5 Rfd8 {½-½ (58) Demchenko,A (2660)-Vachier Lagrave,M (2789) Riadh 2017}) 6... e5 7. Qe3 Ngf6 {[%cal Bg8f6,Bf6g4,Bg4f2][%mdl 32]} 8. c4 Be7 9. Nc3 O-O 10. O-O {LiveBook: 4 Games} Nc5 11. Rd1 $146 ({Predecessor:} 11. h3 Bd7 12. Rd1 Qb8 13. b3 b5 {1-0 (53) Burg,T (2509)-Ftacnik,L (2556) Germany 2016}) 11... Qe8 12. b3 Ng4 13. Qd2 f5 14. h3 (14. Bd3 $11 {remains equal.}) 14... Nxf2 $1 $17 15. Kxf2 fxe4 16. Kg1 $2 {[%mdl 8192]} (16. Qe3 $17 exf3 17. Bxf3) 16... exf3 $19 17. Bxf3 {[#]} Kh8 $2 (17... Rxf3 $1 $19 {[%mdl 512]} 18. gxf3 Bxh3) 18. Qe2 Bd7 {And now ...e4! would win.} 19. Be3 Bc6 20. Bd5 Nd7 21. Ne4 Nf6 $36 {[%mdl 2048] White is under pressure.} 22. Nxf6 Rxf6 23. a4 Qg6 24. Kh2 Raf8 25. Rd2 h5 {[%cal Bh7h5,Bh5h4][%mdl 32]} 26. Rad1 Rf5 27. Qd3 h4 28. Qe4 {[#]} Qg3+ $1 29. Kg1 Rf3 30. Ba7 R8f4 31. Bxc6 $2 {[%mdl 8192]} (31. Qe2 $17) 31... Rxe4 32. Bxe4 {[#]} Re3 $1 {[%mdl 512] White must now prevent ...Re1+.} 33. Bxb7 (33. Bxe3 Qxe3+) 33... Re1+ {Precision: White = 25%, Black = 62%.} 0-1